000 01054nam0a22002771 4500
001 rc\3027905
005 20250810061123.0
035 _a(NLR Aleph) 007169042
090 _a7326968
_c7326968
100 _a20110929d1941 u y0rusy50 ca
101 0 _arus
102 _aRU
105 _aa z |||||
200 1 _aМатериалы к клинике и патогенезу галлюцинаций
_fпроф. Е.А. Попов
_gЦентр. психоневрол. ин-т
210 _aХарьков
_cЦентр. психоневрол. ин-т
_d1941
215 _a272 с.
_cдиагр.
_d22 см
320 _aБиблиогр.: с. 243-70
700 1 _7ca
_8rus
_aПопов
_bЕ. А.
_cд-р мед. наук, психиатр
_f1899-1961
_gЕвгений Алексеевич
_9266598
_3RU\NLR\AUTH\770266654
801 0 _aRU
_bNLR
_gpsbo
801 1 _aRU
_bELAR
_2rusmarc
852 _aNLR
_jМд50 Г-3/3
942 _cBOOK
945 _aРоссийская национальная библиотека
980 _aNB
980 _aBV